| 000 | 00365 a2200133 4500 | ||
|---|---|---|---|
| 001 | 91393 | ||
| 082 | _aPR 1288 | ||
| 090 |
_c43523 _d43522 |
||
| 100 | _aIrfan Anjum, M. ; Prof Khalid Pervaiz (Advisor) | ||
| 245 |
_aFormulation of Code for 2-D Heat Transfer _n49 "A" EC |
||
| 260 |
_aKarachi _bNED University _c1998 |
||
| 300 | _a56p | ||
| 500 | _aBE Project Reports | ||
| 942 |
_aCAE NUST _kPR 1288 |
||
| 999 |
_c326466 _d326466 |
||